| 000 | 01098nam a2200265 a 4500 | ||
|---|---|---|---|
| 001 | 000007048 | ||
| 005 | 20200929154044.0 | ||
| 008 | 090904s2008 dr 000 0 spa d | ||
| 040 |
_aDO-SdBNP _bspa _cBNPHU |
||
| 082 |
_a782.8 _bC215p |
||
| 245 | 0 | 0 |
_aCanciones para toda la vida : _breflejos de una época romántica / _ccompilado por Bienvenida Mirabal R. ; prólogo Diógenes Checo Alonzo. |
| 260 |
_aSanto Domingo : _bB. O. Johnson, _c2008. |
||
| 300 |
_a2 v. ; _c23 cm. |
||
| 500 | _aIncluye referencias bibliográficas y notas al pie de las páginas | ||
| 504 | _aBibliografía : p. 653-675 | ||
| 505 | 2 |
_gv. 1 _tCompositores latinoamericanos -- _gv. 2 _tCompositores dominicanos |
|
| 590 | _aInventariado, 2018/LP | ||
| 650 | 4 |
_aCanciones latinoamericanas _919583 |
|
| 650 | 4 |
_aCanciones dominicanas _919584 |
|
| 650 | 4 |
_aCompositores latinoamericanos _xBiografías _919585 |
|
| 650 | 4 |
_aCompositores dominicanos _xBiografías _919586 |
|
| 700 | 1 |
_aMirabal R., Bienvenida, _ecomp. _919587 |
|
| 700 | 1 |
_aCheco Alonzo, Diógenes, _epról. _919588 |
|
| 910 | _aValidado. Control de calidad BNPHU | ||
| 999 |
_c6831 _d6831 |
||